000 00583nam a2200241Ia 4500
003 OSt
005 20220918211811.0
006 a|||||r|||| 00| 0
007 ta
008 220917b |||||||| |||| 00| 0 eng d
024 _a125,638
037 _cTextual
040 _aARTS
_cARTS
_beng
041 _2eng
_aeng
082 _aW:915, L2
100 _aBowett D W
_9121390
245 0 _aSearch for peace
260 _c1972
490 _aWorld studies series
650 _aPOLITICAL SCIENCE
942 _hW:915, L2
_cTEXL
_2CC
999 _c248786
_d248786